Séries commençant par la lettre O - Statistiques

Statistiques générales
  • Ce quiz a été pris 275 fois
  • Le résultat moyen est 4 sur 6
Statistiques - réponses
Par images Réponse % Correct
Oggy Et Les Cafards
96%
One Piece
92%
Orange Is The New Black
89%
Olive et Tom
80%
Once Upon A Time
33%
Ourika
8%
Aucun quiz correspondant
Distribution des résultats
% des personnes avec chaque résultat
Percentile par nombre de réponses
Votre historique - résultats
Vous n’avez pas pris ce quiz